Types of Planets - Statistics

General Stats
  • This quiz has been taken 720 times
    10 since last reset
  • The average score is 7 of 13
Answer Stats
Hint Type of Planet % Correct
Jupiter, Saturn gas giant
100%
Pluto, Ceres, Makemake, Eris, Haumea dwarf planet
80%
A planet that is outside of the Solar System exoplanet
80%
Mercury, Venus, Earth, Mars terrestrial (rocky) planet
80%
Uranus, Neptune ice giant
60%
Hypothetical planet of molten rock (like Mustafar) lava planet
60%
Planet with 2 to 10 times the mass of Earth super-Earth
60%
Rocky planet with more than 10 times the mass of Earth mega-Earth
40%
One that orbits 60° from another planet, like warriors hiding inside a horse {trojan} planet
40%
Two planetary-mass type objects orbiting each other binary (double) planet
20%
Informal term: One that is not too hot, not too cold Goldilocks planet
20%
A planet not gravitationally bound to a star {rogue} planet
20%
Planet that circles around two stars {circum}binary planet
0%
No matching quizzes found
Score Distribution
Percent of People with Each Score
Percentile by Number Answered
Your Score History
You have not taken this quiz since the last reset